01143cam a22003614i 4500003000900000005001700009008004100026020001500067035002700082040003300109082002100142100002600163245003400189264004300223300003800266336002100304337002500325338002300350504002800373505024800401526001000649526001000659526001000669526001000679526000800689526000800697526000800705526000800713526000800721526000800729526000800737650003600745PE-LiUPU20250731173524.0150616s r 000 0 d a0830818685 a(Sirsi) i9780830818686 aPE-LiUPUbspacPE-LiUPUerda04a250.225bG472211 aGiles, Kevin,eautor.10aWhat on Earth is the Church?. 1aIllinois :bInterVarsity Press,c1995. a310 páginas ;c21 centímetros atext2rdacontent aunmediated2rdamedia avolume2rdacarrier aIncluye bibliografía.0 aOpening the door: what on earth is the Church.- Jesus and the founding of the Church.- Matthew, Mark, Luke and John.- The church in the book of Acts.- The church in Paul's earliest epistles.- The church church in the middle and later paulines. aSEG42 aSEG41 aSEG40 aSEG39 aP94 aP87 aP86 aP85 aP77 aP76 aP3504aIGLESIA EN EL NUEVO TESTAMENTO.